Statistiques concernant Chefs d'états des pays du G7

Cliquez ici pour prendre le quiz!

Statistiques générales

  • Ce quiz a été pris 142 fois
    (63 depuis la dernière actualisation)
  • Le résultat moyen est 5 sur 7

Statistiques - réponses

PaysFonction du chef d'Etat ou de gouvernementNom de la personne% Correct
FrancePrésident FrançaisEmmanuel Macron
100%
Etats-UnisPrésident des Etats-UnisJoe Biden
97%
CanadaPremier ministre du CanadaJustin Trudeau
80%
ItaliePrésidente du conseil ItalienGiorgia Meloni
65%
AllemagneChancelier AllemandOlaf Scholz
60%
Royaume-UniPremier ministre du Royaume-UniRishi Sunak
53%
JaponPremier ministre du JaponFumio Kishida
23%

Distribution des résultats

Percentile par nombre de réponses

% des personnes avec chaque résultat

Votre développement - résultats

Vous n’avez pas pris ce quiz depuis la dernière actualisation